000 00299nam a2200133Ia 4500
008 220613s9999||||xx |||||||||||||| ||und||
100 _aElizabeth A Ganger
245 0 _aGynaecological Nursing
250 _a1st(2001)
260 _bChurchill
300 _a371
650 _aMaternity
942 _cNURS
999 _c7477
_d7477